000 00442cam a2200193ua 4500
001 8177
008 150110n ii |||gr||||Z||||||hin
040 _cMAIN
041 _ahin
082 _a302
100 _aSankrityayan, S.,
_eAuthor.
245 1 _aManav-samaj
_cBy Shahul Sankrityayan
250 _a1st.
260 _aIlahabad:
_bLokbharati,
_c1986.
300 _a266p.
653 _aSocial interaction
653 _aHuman
942 _cBK
999 _c7292
_d7292